Slide by Slide by Sondheim Quiz Stats

Quiz not verified by Sporcle

Challenge
Share
Tweet
Score 0/14 Timer 05:00
0 Plays Today
% Correct
Sweeney Todd
91%
Sunday in the Park with George
88.3%
Into the Woods
77.7%
A Funny Thing Happened on the Way to the Forum
77%
Assassins
75.7%
Company
75.3%
A Little Night Music
67.1%
% Correct
Follies
62%
Merrily We Roll Along
55.3%
Passion
53.4%
Pacific Overtures
53.3%
The Frogs
50.3%
Anyone Can Whistle
35.4%
Road Show
32.6%

You're not logged in!

Compare scores with friends on all Sporcle quizzes.
Sign Up with Email
OR
Log In

You Might Also Like...

Show Comments

Extras

Top Quizzes Today


Score Distribution

Your Account Isn't Verified!

In order to create a playlist on Sporcle, you need to verify the email address you used during registration. Go to your Sporcle Settings to finish the process.